Les adversaires de l’Olympique Lyonnais en coupe d’europe au XXIè - Statistiques

Statistiques générales
  • Ce quiz a été pris 176 fois
    161 depuis la dernière actualisation
  • Le résultat moyen est 58 sur 103
Statistiques - réponses
Hint Réponse % Correct
2000/2001 Phase de poule (2ème tour) | 2003/2004 Phase de poule | 2008/2009 Phase de poule | +2 others Bayern Munich
99%
2018/2019 Phase de poule | 2019/2020 Quart de finale Manchester City
99%
2004/2005 Quart de finale PSV
98%
2001/2002 Phase de poule (1er tour) | 2007/2008 Phase de poule | 2008/2009 Huitième de finale | 2018/2019 Huitième de finale FC Barcelone
97%
2013/2014 Quart de finale | 2016/2017 Phase de poule | 2019/2020 Huitième de finale Juventus
96%
2005/2006 Phase de poule | 2006/2007 Phase de poule | 2009/2010 Huitième de finale | +2 others Real Madrid
94%
2002/2003 Phase de poule (1er tour) Ajax
90%
2011/2012 Phase de poule | 2016/2017 Demi-finale Ajax Amsterdam
90%
2003/2004 Quart de finale | 2021/2022 Huitième de finale FC Porto
88%
2006/2007 Huitième de finale | 2016/2017 Huitième de finale AS Rome
87%
2010/2011 Phase de poule | 2019/2020 Phase de poule Benfica
87%
2004/2005 Phase de poule | 2007/2008 Huitième de finale Manchester United
87%
2005/2006 Quart de finale AC Milan
83%
2000/2001 Phase de poule (2ème tour) Arsenal
79%
2009/2010 Phase de poule Liverpool
79%
2015/2016 Phase de poule | 2019/2020 Phase de poule Zénith Saint-Petersbourg
75%
2019/2020 Phase de poule RB Leipzig
74%
2016/2017 Quart de finale Besiktas
72%
2009/2010 Quart de finale Girondins de Bordeaux
72%
2002/2003 Phase de poule (1er tour) Inter Milan
72%
2005/2006 Huitième de finale PSV
68%
2016/2017 Phase de poule FC Seville
67%
2021/2022 Quart de finale West Ham
67%
2000/2001 Phase de poule (1er tour) | 2015/2016 Phase de poule Valence
66%
2007/2008 Phase de poule Rangers
64%
2012/2013 Seizième de finale Tottenham
64%
2017/2018 Huitième de finale CSKA Moscou
60%
2021/2022 Phase de poule Rangers
60%
2018/2019 Phase de poule Shakhtar Donetsk
56%
2003/2004 Huitième de finale Real Sociedad
55%
2016/2017 Seizième de finale AZ Alkmaar
52%
2017/2018 Seizième de finale Villareal
52%
2003/2004 Phase de poule Celtic
48%
2004/2005 Phase de poule | 2012/2013 Phase de poule | 2021/2022 Phase de poule Sparta Prague
47%
2017/2018 Phase de poule Everton
45%
2008/2009 Phase de poule | 2009/2010 Phase de poule Fiorentina
45%
2018/2019 Phase de poule Hoffenheim
45%
2011/2012 Huitième de finale APOEL
44%
2004/2005 Huitième de finale Werder Breme
43%
2013/2014 Phase de poule Betis Seville
42%
2003/2004 Phase de poule | 2009/2010 Qualification Anderlecht
41%
2011/2012 Phase de poule | 2016/2017 Phase de poule Dinamo Zagreb
41%
2015/2016 Phase de poule La Gantoise
40%
2013/2014 Qualification Real Sociedad
38%
2012/2013 Phase de poule Athletic Bilbao
37%
2001/2002 Phase de poule (1er tour) Bayer Leverkusen
37%
2000/2001 Phase de poule (1er tour) | 2005/2006 Phase de poule Olympiakos
37%
2001/2002 Seizième de finale Bruges
36%
2006/2007 Phase de poule Dynamo Kiev
33%
2001/2002 Phase de poule (1er tour) | 2004/2005 Phase de poule Fenerbahce
33%
2021/2022 Phase de poule Brøndby IF
31%
2010/2011 Phase de poule Schalke 04
31%
2017/2018 Phase de poule Atalanta Bergame
30%
2000/2001 Phase de poule (2ème tour) Spartak Moscou
29%
2006/2007 Phase de poule | 2008/2009 Phase de poule Steaua Bucarest
29%
2007/2008 Phase de poule Stuttgart
28%
2002/2003 Phase de poule (1er tour) | 2005/2006 Phase de poule Rosenborg
21%
2014/2015 Qualification Astra Giurgiu
20%
2017/2018 Phase de poule Apollon Limassol
16%
2009/2010 Phase de poule Debrecen
14%
2013/2014 Huitième de finale Viktoria Plzen
14%
2010/2011 Phase de poule Hapoel tel-aviv
13%
2013/2014 Phase de poule Vitoria Guimaraes
13%
2011/2012 Qualification Rubin Kazan
12%
2013/2014 Seizième de finale Chornomorets Odessa
10%
2013/2014 Phase de poule Rijeka
9%
2001/2002 Huitième de finale Liberec
8%
2002/2003 Seizième de finale Denizlispor
7%
2000/2001 Phase de poule (1er tour) Heerenveen
7%
2014/2015 Qualification Mlada Boleslav
7%
2013/2014 Qualification Grasshoppers
6%
2000/2001 Qualification Inter Bratislava
4%
2012/2013 Phase de poule Kiryat Shmona
2%
Aucun quiz correspondant
Distribution des résultats
% des personnes avec chaque résultat
Percentile par nombre de réponses
Votre historique - résultats
Vous n’avez pas pris ce quiz depuis la dernière actualisation